| 000 | 00437nam a2200157Ia 4500 | ||
|---|---|---|---|
| 008 | 210719s1978 xx 000 0 und d | ||
| 041 | _aeng | ||
| 082 | _a954.83 KURK | ||
| 100 | _aKURUP (K K N) | ||
| 245 | _aKayyur riot a terrorist episode in the nationalist movement in kerala. | ||
| 260 |
_aCalicut. _bSandhya Publications., _c1978 |
||
| 300 |
_axv,122 _bHB |
||
| 365 | _cRs | ||
| 650 | _aIndian History | ||
| 906 | _aKayyur Kerala | ||
| 999 |
_c212818 _d212818 |
||